Poems of the Alchemist

Kaydedildi:
Detaylı Bibliyografya
Yazar: Fontcuberta, Joan (Yazar)
Materyal Türü: Kitap
Dil:İngilizce
Katalanca
İspanyolca
Baskı/Yayın Bilgisi: Madrid La Fábrica 2018
Edisyon:1a. ed
Seri Bilgileri:Fotoensayos, 64
Konular:
Etiketler: Etiketle
Etiket eklenmemiş, İlk siz ekleyin!

MARC

LEADER 00000cam a2200000 a 4500
001 UCC7662
003 CL-VaPUC
008 190427e20180000sp |||||||||||||||||eng|d
020 |a 9788417048471 
041 0 7 |a eng  |2 CL-VaPUC 
041 0 7 |a cat  |2 CL-VaPUC 
041 0 7 |a spa  |2 CL-VaPUC 
082 0 4 |a 770.1  |b FON  |2 21 
100 0 |a Fontcuberta, Joan  |e author  |9 602368 
245 1 0 |a Poems of the Alchemist 
246 1 0 |a Poemas del Alquimista 
250 |a 1a. ed 
300 |a 62 p 
942 |c BK 
945 |d 20190427 02:22:00  |a dcastane 
260 |a Madrid  |b La Fábrica  |c 2018 
650 0 |a Fotografías artísticas  |9 535989 
650 0 |a Estética   |9 264950 
650 0 |a Crítica e interpretación   |9 255042 
583 |a last modification  |c 20190427 02:22:00  |k Rodrigo Vera 
490 0 |a Fotoensayos, 64 
999 |c 374255  |d 374253 
952 |0 0  |1 0  |3 erb  |4 0  |6 770_100000000000000_FON_2018  |7 0  |8 R  |9 492746  |a BIBART  |b BIBART  |i 5544645  |o 770.1 FON 2018  |p 5544645  |r 2025-03-13  |w 2019-11-24  |y BK_R  |z Catalogado en:20190427  |k ART